| 000 | 00000nas 2200000za 4500 |
| 001 | 9.503207 |
| 003 | CaOODSP |
| 005 | 20231006143513 |
| 007 | cr ||||||||||| |
| 008 | 150406d20012003xxc|| p o||||f| |0fre|d |
| 040 | |aCaOODSP|bfre |
| 043 | |an-cn--- |
| 086 | 1 |aTT2-1F-pdf |
| 245 | 00|aRapport du commissaire aux plaintes relatives au transport aérien. |
| 264 | 1|aOttawa, Ontario : |bOffice des transports du Canada |
| 310 | |aSemestriel |
| 362 | 1 |aParaît depuis le 1 janvier 2001/30 juin 2001; ne paraît plus après le 1 juillet 2003/31 décembre 2003. |
| 710 | 2 |aOffice des transports du Canada, |eorganisme de publication. |
| 775 | 08|tThe Air Travel Complaints Commissioner's report |w(CaOODSP)9.506812 |
| 780 | 00|tRapport du commissaire aux plaintes relatives au transport aérien.|w(CaOODSP)9.503205 |